书目信息 |
| 题名: |
卡拉OK外国名歌200首
|
|
| 作者: | 林溪漫 编 | |
| 分册: | ||
| 出版信息: | 福州 福建科学技术出版社 2000.04 |
|
| 页数: | 449页 | |
| 开本: | 32开 | |
| 丛书名: | ||
| 单 册: | ||
| 中图分类: | J652.2 | |
| 科图分类: | ||
| 主题词: | 外国音乐--作品 , 音乐--各国--作品 | |
| 电子资源: | ||
| ISBN: | 7-5335-1529-3 | |
| 000 | 00595nam0 2200205 45 | |
| 001 | 0007270932 | |
| 005 | 20000727100016.5 | |
| 010 | @a7-5335-1529-3@d21.00元 | |
| 100 | @a20000727d2000 km y0chiy0120 ea | |
| 101 | 0 | @achi |
| 105 | @a z 000yy | |
| 200 | 1 | @a卡拉OK外国名歌200首@AKa La OK Wai Guo Ming Ge 200 Shou@f林溪漫 编@FLin Xi Man Bian |
| 210 | @a福州@c福建科学技术出版社@d2000.04 | |
| 215 | @a449页@d32开 | |
| 606 | 0 | @a外国音乐@x作品 |
| 606 | 0 | @a音乐@y各国@x作品 |
| 690 | @aJ652.2@v3 | |
| 701 | 0 | @a林溪漫@4编 |
| 801 | @aCN@bPftUser@c20000727 | |
| 905 | @b80253-257@dJ652.2@eL516@f5 | |
| 卡拉OK外国名歌200首/林溪漫 编.-福州:福建科学技术出版社,2000.04 |
| 449页;32开 |
| ISBN 7-5335-1529-3:21.00元 |
| ● |
| 相关链接 |
|
|
|
正题名:卡拉OK外国名歌200首
索取号:J652.2/L516
 
预约/预借
| 序号 | 登录号 | 条形码 | 馆藏地/架位号 | 状态 | 备注 |
| 1 | 80253 | 200802532 | 自科二线404/404自科库 4排5列1层/ [索取号:J652.2/L516] | 在馆 | |
| 2 | 80254 | 200802541 | 社科库309/309社科库 94排2列6层/ [索取号:J652.2/L516] | 在馆 | |
| 3 | 80255 | 200802550 | 社科库309/309社科库 94排2列6层/ [索取号:J652.2/L516] | 在馆 | |
| 4 | 80256 | 200802569 | 自科二线404/404自科库 4排5列1层/ [索取号:J652.2/L516] | 在馆 | |
| 5 | 80257 | 200802578 | 社科库309/309社科库 94排2列6层/ [索取号:J652.2/L516] | 在馆 |